书目信息 |
| 题名: |
通用电气案例
|
|
| 作者: | 尤里奇 , 克尔 , 阿什肯纳斯 著 ;柏满迎 , 牟未丹 , 史鹏 译 | |
| 分册: | ||
| 出版信息: | 北京 中国财政经济出版社 2005.01 |
|
| 页数: | 295页 | |
| 开本: | 24cm | |
| 丛书名: | 财经易文企业核心能力案例研究系列 | |
| 单 册: | ||
| 中图分类: | F471.266 | |
| 科图分类: | ||
| 主题词: | 通用电气公司--tong yong dian qi gong si--工业企业管理--经验 | |
| 电子资源: | ||
| ISBN: | 7-5005-7795-8 | |
| 000 | 01623nam 2200349 450 | |
| 001 | 012008853603 | |
| 005 | 20080429160952.50 | |
| 010 | @a7-5005-7795-8@dCNY49.80 | |
| 100 | @a20080428d2005 em y0chiy0120 ea | |
| 101 | 1 | @achi@ceng |
| 102 | @aCN@b110000 | |
| 105 | @aa z 000yy | |
| 106 | @ar | |
| 200 | 1 | @a通用电气案例@Atong yong dian qi an li@e“群策群力”的企业文化@f(美) 达夫·尤里奇, 史蒂夫·克尔, 罗恩·阿什肯纳斯著@F(mei)da fu·you li qi,shi di fu·ke er,luo en·a shen ken na si zhu@g柏满迎, 牟未丹, 史鹏译@Gbai man ying,mu wei dan,shi peng yi |
| 210 | @a北京@c中国财政经济出版社@d2005.01 | |
| 215 | @a295页@c图@d24cm | |
| 225 | 2 | @a财经易文企业核心能力案例研究系列@Acai jing yi wen qi ye he xin neng li an li yan jiu xi lie |
| 306 | @a本书中文简体字翻译版由美国麦格劳--希尔教育出版(亚洲)公司授权中国财政经济出版社在中华人民共和国境内(不包括香港、澳门特别行政区及台湾)独家出版发行。 | |
| 314 | @a责任者规范译姓:尤里奇 | |
| 330 | @a本书介绍通用电气企业文化和管理方法,教你发扬员工智慧、精简机构并解决组织中的问题。 | |
| 410 | 0 | @12001 @a财经易文企业核心能力案例研究系列 |
| 517 | 1 | @a“群策群力”的企业文化@A"qun ce qun li"de qi ye wen hua |
| 606 | 0 | @a通用电气公司@Atong yong dian qi gong si@x工业企业管理@x经验 |
| 690 | @aF471.266@v4 | |
| 701 | 1 | @a尤里奇@Ayou li qi@g(Ulrich, Dave)@4著 |
| 701 | 1 | @a克尔@Ake er@g(Kerr, Steven)@4著 |
| 701 | 1 | @a阿什肯纳斯@Aa shen ken na si@g(Ashkenas, Ron)@4著 |
| 702 | 0 | @a柏满迎@Abai man ying@4译 |
| 702 | 0 | @a牟未丹@Amu wei dan@4译 |
| 702 | 0 | @a史鹏@Ashi peng@4译 |
| 801 | 0 | @aCN@bQSSK@c20080429 |
| 905 | @b298262-63@dF471.266@eY667@f2 | |
| 通用电气案例:“群策群力”的企业文化/(美) 达夫·尤里奇, 史蒂夫·克尔, 罗恩·阿什肯纳斯著/柏满迎, 牟未丹, 史鹏译.-北京:中国财政经济出版社,2005.01 |
| 295页:图;24cm.-(财经易文企业核心能力案例研究系列) |
| ISBN 7-5005-7795-8:CNY49.80 |
| 本书介绍通用电气企业文化和管理方法,教你发扬员工智慧、精简机构并解决组织中的问题。 |
| ● |
| 相关链接 |
|
|
|
正题名:通用电气案例
索取号:F471.266/Y667
 
预约/预借
| 序号 | 登录号 | 条形码 | 馆藏地/架位号 | 状态 | 备注 |
| 1 | 298262 | 202982629 | 社科库409/409社科库 37排4列3层/ [索取号:F471.266/Y667] | 在馆 | |
| 2 | 298263 | 202982638 | 社科库409/409社科库 37排4列3层/ [索取号:F471.266/Y667] | 在馆 |